UBT Library

Business strategy and policy / (Record no. 954)

000 -LEADER
fixed length control field 00555nam a22001937a 4500
008 - FIXED-LENGTH DATA ELEMENTS--GENERAL INFORMATION
fixed length control field 150601b xxu||||| |||| 00| 0 eng d
020 ## - INTERNATIONAL STANDARD BOOK NUMBER
International Standard Book Number 0395369460
041 0# - LANGUAGE CODE
Language code of text/sound track or separate title eng
080 ## - UNIVERSAL DECIMAL CLASSIFICATION NUMBER
Universal Decimal Classification number 338
100 1# - Rafti
Rafti Smith, Garry D.,
245 10 - TITLE STATEMENT
Title Business strategy and policy /
Statement of responsibility, etc Garry D. Smith, Danny R. Arnold, Bobby G. Bizzell.
250 ## -
-- 2nd ed.
260 ## -
-- Boston :
-- Houghton Mifflin,
-- c1988.
300 ## -
-- 1006 f. :
-- me il.;
-- 25 cm.
500 ## -
-- Preface: f.xiii-xvi
505 ## -
-- Index: f.997-1006
650 #0 -
-- Planifikimi Strategjik
942 ## - ADDED ENTRY ELEMENTS (KOHA)
Source of classification or shelving scheme
Item type Books
Holdings
Withdrawn status Lost status Source of classification or shelving scheme Damaged status Not for loan Collection code Permanent location Current location Shelving location Date acquired Total Checkouts Full call number Date last seen Price effective from Koha item type
          Koleksioni i përgjithshem UBT - Prishtine UBT - Prishtine Koleksioni i përgjithshem 06/01/2015   338 BIZ 06/01/2015 06/01/2015 Books
UBT Library © 2015-2024. All rights reserved University Education for Business and Technology